000 00262nam a2200109Ia 4500
008 220204s9999 xx 000 0 und d
082 _a82-3MB
_bLEI
100 _aLeigh, Roberta
245 0 _aTo buy a bride
260 _aLondon
_bMills and Boon
_c1976
942 _cBK
999 _c33176
_d33176